Normal view
MARC view
- Edited by Robert J.Alamio
Entry Personal Name
001 - CONTROL NUMBER
- control field: 127213
003 - CONTROL NUMBER IDENTIFIER
- control field: NUST
005 - DATE AND TIME OF LATEST TRANSACTION
- control field: 20241220120454.0
008 - FIXED-LENGTH DATA ELEMENTS
- fixed length control field: 241220|| aca||aabn | a|a d
040 ## - CATALOGING SOURCE
- Original cataloging agency: NUST
- Transcribing agency: NUST
100 ## - HEADING--PERSONAL NAME
- Personal name: Edited by Robert J.Alamio
670 ## - SOURCE DATA FOUND
- Source citation: Work cat.: (NUST)562275: Edited by Robert J.Alamio, Handbook of Chemical Health and Safety /, 2001
